000
00285nam a2200133Ia 4500
100
_a
Joshi// Patel .
942
_c
BK
654
_a
Physics.
245
_a
Foundamentals of Physics.
260
_b
Deshmukh Prakashan & Co
_c
2001
082
_a
530
300
_a
1110
546
_a
ENGLISH
999
_c
28725
_d
28725